Monografía de las especies del género 'pecten' del burdigalense superior y de una 'lucina' del helveciense de las provincias de Barcelona y Tarragona / po el Dr. Jaime Almera y Arturo Bofill y Poch
Descripción Física:
15 p., 7 f. de làm. : il. ; 27 cm
Otros Autores:
Bofill Poch, Arturo
Materias:
Pectínids
MARC
| LEADER | 00000nam a2200000Ia 4500 | ||
|---|---|---|---|
| 001 | 18480 | ||
| 008 | 160829s1897 xx 000 0 cat d | ||
| 080 | |a 2280, exp. 10 bis | ||
| 100 | |a Almera, Jaime |9 27570 | ||
| 245 | |a Monografía de las especies del género 'pecten' del burdigalense superior y de una 'lucina' del helveciense de las provincias de Barcelona y Tarragona / po el Dr. Jaime Almera y Arturo Bofill y Poch | ||
| 250 | |a 2a ed. | ||
| 260 | |a Barcelona : |b Establecimiento tipográfico de Jaime Jepús Roviralta, |c 1897 | ||
| 300 | |a 15 p., 7 f. de làm. : |b il. ; |c 27 cm | ||
| 650 | |a Pectínids |9 48277 | ||
| 700 | |a Bofill Poch, Arturo |9 48278 | ||
| 901 | |a Arxiu | ||
| 942 | |n 1 | ||
| 952 | |0 0 |1 0 |4 0 |6 2280_EXP_10_BIS |7 1 |9 54440 |a Arxiu |b Arxiu |d 2016-12-01 |l 0 |o 2280, exp. 10 bis |p 18480 |r 2016-12-01 00:00:00 |w 2016-12-01 |y ARXIU | ||
| 999 | |c 58309 |d 58309 | ||